Typ týždňa

Bibliographic Details
Format: Article
Language:Slovak
PhysicalDescription:Obr.
Subjects:

MARC

LEADER 00000nab a2200000 ar4500
001 vtls009007663
003 SK-MaSNL
005 20260304032301.0
008 070717c19760702xo |r|p|||||||000 b|slo
015 |a SNBRB1976 
038 |a SNKBUCL 
040 |a SNKBUCL  |b slo  |c SNKBUCL  |e AACR2 
041 |a slo 
044 |a xo  |c SK 
080 |a 792.071.2  |2 1997 
080 |a 791.44.071.2  |2 1997 
245 0 0 |a Typ týždňa  |c Štefan Kvietik 
300 |b Obr. 
500 |a Rozhovor so zaslúžilým umelcom, hercom Štefanom Kvietikom 
600 1 7 |a Kvietik, Štefan,  |d 1934-2025  |2 snkbucl  |9 107501 
773 0 |t Roľnícke noviny  |g (2.7.1976), s. 8 
852 |a SNK  |b KIS3GCP 
958 |a BX 
999 |c 2642239  |d 2644169